[Event "C.to Provinciale TO"]
[Site "Torino ITA"]
[Date "2012.02.21"]
[Round "1"]
[White "Baruffa, Marino"]
[Black "Zanatta, Aldo"]
[WhiteElo "1918"]
[BlackElo "1650"]
[Result "1-0"]
[PlyCount "75"]
[EventDate "2012.02.21"]

1. e4 e5 2. Nf3 Nc6 3. Bc4 Bc5 4. c3 Nf6 5. d4 exd4 6. e5 d5 7. Bb5 Ne4 8. cxd4
Bb4+ 9. Bd2 Nxd2 10. Nbxd2 Bd7 11. Qa4 Be7 12. O-O a6 13. Bxc6 Bxc6 14. Qc2 Bd7
15. Rac1 c6 16. Rfe1 Rc8 17. Nb3 b6 18. Qd3 a5 19. a3 Be6 20. h3 Bd7 21. Nh2 h5
22. f4 g6 23. Nf3 Bf5 24. Qe2 Qd7 25. Nbd2 Qd8 26. Nf1 h4 27. Ne3 Be6 28. Nh2
Qd7 29. Nhg4 Kd8 30. Qa6 Qc7 31. Rc2 Bd7 32. Rec1 Qb8 33. e6 fxe6 34. Ne5 Rg8
35. Rxc6 Rxc6 36. Rxc6 Ke8 37. Nxd7 Kxd7 38. Rxb6 1-0

[Event "C.to Provinciale TO"]
[Site "Torino ITA"]
[Date "2012.02.21"]
[Round "1"]
[White "Blundo, Michele"]
[Black "Malano, Francesco"]
[WhiteElo "1685"]
[BlackElo "1952"]
[Result "0-1"]
[PlyCount "57"]
[EventDate "2012.02.21"]

1. d4 g6 2. c4 Bg7 3. Nf3 d6 4. Nc3 Nd7 5. e3 e5 6. dxe5 dxe5 7. e4 c6 8. Be3
Ngf6 9. h3 Qa5 10. Qc2 O-O 11. Be2 Rd8 12. a3 Nf8 13. O-O Ne6 14. Rfd1 Bd7 15.
g3 Nh5 16. Rd6 Qc7 17. Rad1 Nd4 18. Rxd7 Qxd7 19. Nxd4 exd4 20. Bg4 Qe7 21. Nd5
cxd5 22. Bxd4 dxe4 23. Be3 Rxd1+ 24. Bxd1 b6 25. b4 Rd8 26. Be2 Bd4 27. Bxh5
Bxe3 28. fxe3 gxh5 29. Qe2 0-1

[Event "C.to Provinciale TO"]
[Site "Torino ITA"]
[Date "2012.02.21"]
[Round "1"]
[White "Boetto, Massimo"]
[Black "Marvin, Elio"]
[WhiteElo "1977"]
[BlackElo "1688"]
[Result "1-0"]
[PlyCount "44"]
[EventDate "2012.02.21"]

1. e4 e5 2. Nf3 d6 3. d4 exd4 4. Nxd4 Nf6 5. Nc3 Be7 6. f3 O-O 7. Be3 c6 8. Qd2
d5 9. e5 Ne8 10. Nb3 Nd7 11. f4 g6 12. O-O-O Ng7 13. Qf2 b6 14. Nd4 Bb7 15. Nf3
Qc7 16. g4 Nc5 17. h4 f6 18. h5 fxe5 19. hxg6 e4 20. Rxh7 Rf6 21. Rh8+ Kxh8 22.
Qh4+ Kg8 1-0

[Event "C.to Provinciale TO"]
[Site "Torino ITA"]
[Date "2012.02.21"]
[Round "1"]
[White "Capuzzimati, Fausto"]
[Black "Paoli, Mario"]
[WhiteElo "1486"]
[BlackElo "1812"]
[Result "1-0"]
[PlyCount "91"]
[EventDate "2012.02.21"]

1. e4 g6 2. d4 Bg7 3. Nf3 c6 4. Bd2 d6 5. h3 Nd7 6. c4 Ngf6 7. Nc3 a6 8. a4 O-O
9. Be2 Ne8 10. Qc1 e5 11. Bg5 f6 12. Bh6 Qe7 13. O-O exd4 14. Bxg7 Kxg7 15.
Nxd4 Nc5 16. Qe3 a5 17. Ra3 Nc7 18. Rb1 Re8 19. f3 N7a6 20. Nc2 Nc7 21. b4 axb4
22. Nxb4 Qf7 23. Rd1 Be6 24. Rxd6 Ra5 25. Qd2 Bxc4 26. Bxc4 Qxc4 27. Rd4 Qf7
28. Nd3 N7e6 29. Rd6 Qc7 30. Nxc5 Rxc5 31. Rd7+ Re7 32. Rxc7 Rxc7 33. Qd6 Kf7
34. Kh2 Rc4 35. Qd2 Rd4 36. Qa2 Ke7 37. a5 Rcd7 38. Rb3 Nf4 39. Qa3+ Kf7 40.
Rb2 h5 41. a6 bxa6 42. Qxa6 c5 43. Rb7 Ne6 44. Rxd7+ Rxd7 45. Nd5 f5 46. Qc6
1-0

[Event "C.to Provinciale TO"]
[Site "Torino ITA"]
[Date "2012.02.21"]
[Round "1"]
[White "Castaldo, Folco"]
[Black "Tondo, Stefano"]
[WhiteElo "2417"]
[BlackElo "1752"]
[Result "1-0"]
[PlyCount "37"]
[EventDate "2012.02.21"]

1. e4 d5 2. exd5 Qxd5 3. Nc3 Qd6 4. d4 Nf6 5. Nf3 c6 6. Ne5 g6 7. Bc4 Be6 8.
O-O Bxc4 9. Nxc4 Qc7 10. Re1 Bg7 11. Qe2 e6 12. Qf3 O-O 13. Bf4 Qd8 14. Rad1
Ne4 15. Bd6 Re8 16. Be5 Nxc3 17. Qxc3 Qd5 18. Nd6 Re7 19. Qa3 1-0

[Event "C.to Provinciale TO"]
[Site "Torino ITA"]
[Date "2012.02.21"]
[Round "1"]
[White "Gussone, Claudio"]
[Black "Quirico, Paolo"]
[WhiteElo "1744"]
[BlackElo "2159"]
[Result "1/2-1/2"]
[PlyCount "107"]
[EventDate "2012.02.21"]

1. c4 c5 2. Nf3 g6 3. g3 Bg7 4. Bg2 Nc6 5. Nc3 d6 6. d3 e5 7. e4 Nge7 8. O-O
O-O 9. a3 h6 10. h3 Be6 11. Nd5 Kh7 12. Kh2 Rb8 13. b4 cxb4 14. Nxb4 b5 15.
cxb5 Rxb5 16. Bd2 Qb6 17. Rb1 Rb8 18. Be3 Qb7 19. Nd2 Nxb4 20. Rxb4 Rxb4 21.
axb4 Nc6 22. Qa4 Qb5 23. Qxb5 Rxb5 24. Rb1 a6 25. Bf1 Rxb4 26. Rxb4 Nxb4 27.
Bb6 Bf6 28. h4 Kg7 29. Ba5 Nc6 30. Bc7 Be7 31. Nc4 Bxc4 32. dxc4 Kf8 33. Be2
Ke8 34. c5 dxc5 35. Bxa6 Kd7 36. Bb6 Nd4 37. Ba5 Bd8 38. Bc3 Kc6 39. Bc4 f6 40.
Kg2 Nb5 41. Bd2 g5 42. Kf3 Nd6 43. Bd5+ Kb5 44. Kg4 Ba5 45. Bxa5 Kxa5 46. Kh5
c4 47. Bxc4 Nxc4 48. Kxh6 gxh4 49. gxh4 Nd2 50. Kg6 Nxe4 51. f3 Nd2 52. Kxf6
Nxf3 53. Kf5 e4 54. Kxe4 1/2-1/2

[Event "C.to Provinciale TO"]
[Site "Torino ITA"]
[Date "2012.02.21"]
[Round "1"]
[White "Lizzari, Nicola"]
[Black "Gastaldi, Franco"]
[WhiteElo "1844"]
[BlackElo "1566"]
[Result "1/2-1/2"]
[PlyCount "127"]
[EventDate "2012.02.21"]

1. d4 d5 2. c4 e6 3. Nc3 Nf6 4. Bg5 c6 5. cxd5 exd5 6. e3 Bf5 7. Bd3 Bxd3 8.
Qxd3 Nbd7 9. Nf3 Be7 10. h3 Nh5 11. Bxe7 Qxe7 12. O-O Nhf6 13. Nd2 O-O 14. a3
Rfe8 15. Rac1 Ne4 16. Ncxe4 dxe4 17. Qe2 Nb6 18. f4 exf3 19. Rxf3 Qd7 20. Qf2
Re7 21. Nc4 Nxc4 22. Rxc4 Rae8 23. Rc5 Re6 24. Rg5 Qe7 25. Rgf5 f6 26. Qg3 Rxe3
27. Rxf6 Rxf3 28. Rxf3 Qe1+ 29. Qxe1 Rxe1+ 30. Rf1 Rxf1+ 31. Kxf1 Kf7 32. Ke2
Ke6 33. Kd3 Kd5 34. b3 b6 35. Kc3 a6 36. b4 a5 37. bxa5 bxa5 38. a4 g5 39. g3
h5 40. g4 h4 41. Kd3 c5 42. dxc5 Kxc5 43. Ke4 Kb4 44. Kf5 Kxa4 45. Kxg5 Kb4 46.
Kh6 a4 47. g5 a3 48. g6 a2 49. g7 a1=Q 50. g8=Q Qf6+ 51. Kh5 Qf5+ 52. Kxh4 Qf2+
53. Qg3 Qf6+ 54. Kg4 Kc5 55. Qc7+ Kd5 56. Qb7+ Ke6 57. Qc6+ Kf7 58. Qd7+ Kg8
59. h4 Kh8 60. Qd5 Kh7 61. h5 Qg7+ 62. Kf5 Qh6 63. Qf7+ Kh8 64. Kg4 1/2-1/2

[Event "C.to Provinciale TO"]
[Site "Torino ITA"]
[Date "2012.02.21"]
[Round "1"]
[White "Manni, Stefano"]
[Black "Iacomussi, Mario"]
[WhiteElo "2034"]
[BlackElo "1729"]
[Result "1-0"]
[PlyCount "81"]
[EventDate "2012.02.21"]

1. e3 f5 2. Nf3 Nf6 3. g3 d6 4. Bg2 e5 5. d3 Be7 6. O-O Nc6 7. Nc3 O-O 8. e4
fxe4 9. dxe4 Qe8 10. Nd5 Bd8 11. Qd3 Nxd5 12. Qxd5+ Be6 13. Qd3 h6 14. h4 Qf7
15. Qe3 Bg4 16. Nh2 Be6 17. Bd2 Bc4 18. Rfe1 Nd4 19. Rac1 c6 20. Bf1 Bxf1 21.
Rxf1 Bb6 22. Qd3 Qh5 23. Kg2 Rad8 24. a4 d5 25. Be3 dxe4 26. Qxe4 Bc7 27. Rcd1
Qe2 28. Rfe1 Qc4 29. Nf3 Qxa4 30. Nxd4 Qb4 31. Qg4 exd4 32. Bxd4 Rf7 33. Bc3
Qf8 34. Qe6 Rxd1 35. Rxd1 Kh7 36. Qe3 Bb6 37. Bd4 c5 38. Qd3+ Kh8 39. Be3 Qe8
40. Qd5 Re7 41. Qf3 1-0

[Event "C.to Provinciale TO"]
[Site "Torino ITA"]
[Date "2012.02.21"]
[Round "1"]
[White "Ravazzolo, Gildo"]
[Black "Di Chiara, Mauro"]
[WhiteElo "1702"]
[BlackElo "2008"]
[Result "0-1"]
[PlyCount "65"]
[EventDate "2012.02.21"]

1. Nf3 d6 2. d4 Nf6 3. Bf4 g6 4. e3 Bg7 5. h3 O-O 6. Bd3 Nc6 7. c3 Nd5 8. Bh2
e5 9. dxe5 dxe5 10. O-O h6 11. Qc2 Ndb4 12. cxb4 Nxb4 13. Qc4 Nxd3 14. Rd1 Nxb2
15. Rxd8 Nxc4 16. Rxf8+ Kxf8 17. e4 Bd7 18. Nc3 Bc6 19. Rd1 Ke8 20. Nd5 Bxd5
21. exd5 e4 22. Nd4 Nd6 23. Nc2 Kd7 24. Rb1 b6 25. Nb4 a5 26. Nc6 Re8 27. Bf4
g5 28. Bh2 f5 29. Kf1 f4 30. g3 Nc4 31. Ke1 e3 32. gxf4 Nd2 33. Rb2 0-1

[Event "C.to Provinciale TO"]
[Site "Torino ITA"]
[Date "2012.01.21"]
[Round "1"]
[White "Riccardi, Mauro"]
[Black "Fassio, Francesco"]
[WhiteElo "1872"]
[BlackElo "1623"]
[Result "1-0"]
[PlyCount "98"]
[EventDate "2012.02.21"]

1. d4 d5 2. c4 c6 3. Nf3 Nf6 4. Nc3 e6 5. e3 Nbd7 6. Qc2 dxc4 7. Bxc4 b5 8. Be2
Bb7 9. O-O Bd6 10. e4 Be7 11. e5 Nd5 12. Nxd5 exd5 13. Bd3 Nf8 14. Re1 Qb6 15.
a4 Bb4 16. Re2 bxa4 17. Qxa4 Bc8 18. Bd2 Bxd2 19. Nxd2 Ne6 20. Nb3 Bd7 21. Bf5
c5 22. Qa3 cxd4 23. Bxe6 Bxe6 24. Rd2 Qc7 25. f4 Qe7 26. Nxd4 Qxa3 27. Rxa3 Bd7
28. b4 Ke7 29. Rda2 Rhb8 30. Rxa7 Rxa7 31. Rxa7 Ke8 32. b5 Bxb5 33. e6 fxe6 34.
Nxe6 Bd3 35. Nxg7+ Kf8 36. Ne6+ Kg8 37. Rg7+ Kh8 38. Rg3 Bg6 39. Nd4 Rb4 40. f5
Bf7 41. Rd3 Kg7 42. g4 Kf6 43. Kf2 Rb2+ 44. Kg3 Ke5 45. Nf3+ Ke4 46. Ra3 d4 47.
Ng5+ Kd5 48. Nxf7 Kc4 49. Ng5 Kd5 1-0

[Event "C.to Provinciale TO"]
[Site "Torino ITA"]
[Date "2012.02.21"]
[Round "1"]
[White "Vittoria, Giuseppe"]
[Black "Benenati, Gianfranco"]
[WhiteElo "1620"]
[BlackElo "1847"]
[Result "0-1"]
[PlyCount "84"]
[EventDate "2012.02.21"]

1. Nf3 g6 2. d4 Bg7 3. e4 d6 4. Be2 Nf6 5. Nbd2 O-O 6. O-O Nbd7 7. c4 e5 8. d5
a5 9. Qc2 Nc5 10. Re1 Bd7 11. h3 Nh5 12. Nf1 h6 13. N3h2 Nf4 14. Bxf4 exf4 15.
Bg4 Ba4 16. Qd2 Qf6 17. Rab1 h5 18. Bf3 Bd7 19. b3 Rfe8 20. a3 b6 21. Qd1 Qc3
22. Nd2 f5 23. Rc1 Qf6 24. Qc2 Qb2 25. a4 Re7 26. Qxb2 Bxb2 27. Rc2 Bd4 28. Kf1
Rae8 29. Rcc1 Nd3 30. Red1 Nxc1 31. Rxc1 fxe4 32. Nxe4 Rxe4 33. Bxe4 Rxe4 34.
Nf3 Bf6 35. Ne1 Bf5 36. Nd3 Rd4 37. Ne1 Rd2 38. Nf3 Rb2 39. h4 Rxb3 40. Re1 Rb1
41. Rxb1 Bxb1 42. Ke2 Bc2 0-1

[Event "C.to Provinciale TO"]
[Site "Torino ITA"]
[Date "2012.02.21"]
[Round "1"]
[White "Yao, Stefano"]
[Black "Barbonese, Roberto"]
[WhiteElo "1769"]
[BlackElo "1302"]
[Result "1-0"]
[PlyCount "57"]
[EventDate "2012.02.21"]

1. d4 d5 2. Nf3 g6 3. c4 Nf6 4. Nc3 Bg7 5. cxd5 Nxd5 6. e4 Nf6 7. e5 Nd5 8. Bc4
c6 9. Qb3 e6 10. O-O b5 11. Bd3 O-O 12. Bg5 Qd7 13. Ne4 f6 14. exf6 Bxf6 15.
Nxf6+ Nxf6 16. a4 Bb7 17. Ne5 Qd5 18. Qxd5 exd5 19. axb5 Nbd7 20. Bxf6 Nxf6 21.
bxc6 Bc8 22. Ra5 Be6 23. Rfa1 Rfb8 24. Rxa7 Rxa7 25. Rxa7 Rxb2 26. Ra8+ Kg7 27.
c7 Bf5 28. Bxf5 gxf5 29. h3 1-0

[Event "C.to Provinciale TO"]
[Site "Torino ITA"]
[Date "2012.02.21"]
[Round "1"]
[White "Zanella, Wainer"]
[Black "Bosetti, Roberto"]
[WhiteElo "1629"]
[BlackElo "1874"]
[Result "1/2-1/2"]
[PlyCount "83"]
[EventDate "2012.02.21"]

1. d4 Nf6 2. f3 d5 3. e4 dxe4 4. Nc3 exf3 5. Nxf3 Bg4 6. h3 Bh5 7. g4 Bg6 8.
Ne5 e6 9. Bg2 Nd5 10. Qf3 Bb4 11. O-O O-O 12. Nxd5 exd5 13. Nxg6 hxg6 14. Qb3
Qe7 15. c3 Bd6 16. Qxb7 Nd7 17. Qxd5 Rab8 18. Bg5 Qe2 19. Rf2 Qb5 20. Raf1 Nf6
21. Bxf6 gxf6 22. Rxf6 Kg7 23. Rxf7+ Rxf7 24. Qxf7+ Kh6 25. Qf2 Qg5 26. Bf3 Rf8
27. h4 Qe7 28. g5+ Kg7 29. Re1 Qf7 30. Rf1 Qe6 31. Qg2 Qe3+ 32. Kh1 Qf4 33. Qh3
Qd2 34. Qg2 Qf4 35. Qh3 Qd2 36. Bg2 Rxf1+ 37. Bxf1 Qe1 38. Kg1 Qg3+ 39. Qxg3
Bxg3 40. b4 Bxh4 41. c4 Bxg5 42. a4 1/2-1/2

[Event "C.to Provinciale TO"]
[Site "Torino ITA"]
[Date "2012.02.28"]
[Round "2"]
[White "Barbonese, Roberto"]
[Black "Ravazzolo, Gildo"]
[WhiteElo "1302"]
[BlackElo "1702"]
[Result "0-1"]
[PlyCount "89"]
[EventDate "2012.02.21"]

1. e4 c5 2. Bc4 Nc6 3. a3 Nf6 4. d3 d6 5. Nc3 e6 6. Be3 Be7 7. Nge2 a6 8. h3 b5
9. Bb3 O-O 10. Qd2 Qb6 11. d4 Na5 12. Ba2 Nc4 13. Bxc4 bxc4 14. Na4 Qc6 15. f3
Qxa4 16. Nc3 Qc6 17. d5 exd5 18. exd5 Qb7 19. Rc1 Bf5 20. g4 Bg6 21. h4 h6 22.
g5 Nh5 23. gxh6 Bf6 24. hxg7 Bxg7 25. Kf2 Qd7 26. Ne4 Rab8 27. c3 Rbe8 28. Rhg1
Bxe4 29. fxe4 Rxe4 30. Rg5 Re5 31. Rxe5 dxe5 32. Bxc5 Qf5+ 33. Kg1 Rd8 34. Be7
Rd7 35. d6 Ng3 36. Kh2 Nf1+ 37. Rxf1 Qxf1 38. Qd5 Qf2+ 39. Kh3 Qe3+ 40. Kh2 e4
41. Qxc4 Be5+ 42. Kg2 Qg3+ 43. Kf1 Qd3+ 44. Qxd3 exd3 45. c4 0-1

[Event "C.to Provinciale TO"]
[Site "Torino ITA"]
[Date "2012.02.28"]
[Round "2"]
[White "Baruffa, Marino"]
[Black "Castaldo, Folco"]
[WhiteElo "1918"]
[BlackElo "2417"]
[Result "0-1"]
[PlyCount "70"]
[EventDate "2012.02.21"]

1. e4 c5 2. Nf3 Nc6 3. d4 cxd4 4. Nxd4 g6 5. Be3 Nf6 6. Nc3 Bg7 7. Be2 O-O 8.
f4 d6 9. O-O Qb6 10. Rb1 Nxe4 11. Nf5 Nxc3 12. bxc3 Qc7 13. Nxg7 Kxg7 14. h4
Be6 15. Rb2 Rac8 16. Rf3 b6 17. Rg3 f6 18. Bg4 Qd7 19. Be2 Na5 20. h5 Bf5 21.
hxg6 hxg6 22. Qd4 Qe6 23. Rb5 Rc5 24. Rg5 Nc6 25. Qd2 fxg5 26. Bxc5 dxc5 27.
Bf3 Rd8 28. Qf2 gxf4 29. Rb1 Ne5 30. Bb7 g5 31. Re1 Qf6 32. Qe2 Ng6 33. Bf3
Qxc3 34. Bh5 Rd2 35. Qb5 Qd4+ 0-1

[Event "C.to Provinciale TO"]
[Site "Torino ITA"]
[Date "2012.02.28"]
[Round "2"]
[White "Bosetti, Roberto"]
[Black "Gussone, Claudio"]
[WhiteElo "1874"]
[BlackElo "1744"]
[Result "0-1"]
[PlyCount "100"]
[EventDate "2012.02.21"]

1. d4 g6 2. c4 Bg7 3. Nc3 Nf6 4. e4 d6 5. Be2 O-O 6. Be3 c6 7. Nf3 Nbd7 8. O-O
e5 9. Qc2 Qe7 10. dxe5 dxe5 11. Rad1 Rd8 12. Rd2 Ng4 13. Bg5 f6 14. Bh4 Nf8 15.
Rxd8 Qxd8 16. h3 Nh6 17. Rd1 Qc7 18. Qd2 Nf7 19. Bg3 Be6 20. Nd4 Rd8 21. Nxe6
Nxe6 22. Qc2 Nd4 23. Qb1 Nxe2+ 24. Nxe2 Rxd1+ 25. Qxd1 Qd6 26. Qc2 Qc5 27. Qd3
Nd6 28. b3 Bf8 29. Nc3 Qd4 30. Qc2 Bh6 31. Kf1 Qd2 32. Qxd2 Bxd2 33. c5 Bxc3
34. cxd6 Kf7 35. f4 exf4 36. Bxf4 Be5 37. d7 Ke7 38. Be3 b6 39. a4 Kxd7 40. a5
c5 41. axb6 axb6 42. Ke2 Kc6 43. g4 Kb5 44. Bd2 c4 45. bxc4+ Kxc4 46. Bh6 b5
47. Bg7 Kd4 48. Kf3 b4 49. Bf8 b3 50. Ba3 Kd3 0-1

[Event "C.to Provinciale TO"]
[Site "Torino ITA"]
[Date "2012.02.28"]
[Round "2"]
[White "Di Chiara, Mauro"]
[Black "Yao, Stefano"]
[WhiteElo "2008"]
[BlackElo "1769"]
[Result "1/2-1/2"]
[PlyCount "48"]
[EventDate "2012.02.21"]

1. d4 d5 2. Nf3 Nf6 3. c4 c6 4. e3 Bg4 5. Nc3 e6 6. h3 Bh5 7. Bd3 Be7 8. O-O
Nbd7 9. e4 dxe4 10. Nxe4 Nxe4 11. Bxe4 Nf6 12. Bd3 Bxf3 13. Qxf3 Qxd4 14. Rd1
Qb6 15. Be3 Bc5 16. Bg5 Be7 17. b3 O-O 18. Rac1 Rfe8 19. Bb1 Rad8 20. Rxd8 Rxd8
21. Rd1 Bc5 22. Rxd8+ Qxd8 23. Bxf6 Qxf6 24. Qxf6 gxf6 1/2-1/2

[Event "C.to Provinciale TO"]
[Site "Torino ITA"]
[Date "2012.02.28"]
[Round "2"]
[White "Finocchiaro, Gianluca"]
[Black "Zanella, Wainer"]
[WhiteElo "2082"]
[BlackElo "1629"]
[Result "1-0"]
[PlyCount "70"]
[EventDate "2012.02.21"]

1. Nf3 Nc6 2. e4 d6 3. d4 Nf6 4. Nc3 Bg4 5. Be3 e6 6. h3 Bh5 7. Qd3 d5 8. Qb5
Bxf3 9. gxf3 Rb8 10. O-O-O a6 11. Qd3 Bb4 12. Rg1 Bxc3 13. Qxc3 g6 14. e5 Ng8
15. Bxa6 Nge7 16. Bd3 Ra8 17. Kb1 Na5 18. h4 c6 19. Bg5 b5 20. Qc5 h6 21. Bf6
Rg8 22. h5 Nb7 23. Qc3 Qb6 24. hxg6 Nxg6 25. Bxg6 fxg6 26. Qe3 g5 27. Qd3 Qc7
28. f4 g4 29. Rh1 c5 30. Rxh6 cxd4 31. Rh7 Qa5 32. Re7+ Kf8 33. Qh7 Qxa2+ 34.
Kc1 Qa1+ 35. Kd2 Qxb2 1-0

[Event "C.to Provinciale TO"]
[Site "Torino ITA"]
[Date "2012.02.28"]
[Round "2"]
[White "Gastaldi, Franco"]
[Black "Parisi, Gianmario"]
[WhiteElo "1566"]
[BlackElo "1768"]
[Result "0-1"]
[PlyCount "82"]
[EventDate "2012.02.21"]

1. d4 e6 2. c4 f5 3. Nf3 Nf6 4. Nc3 d5 5. Bg5 Be7 6. e3 c6 7. cxd5 exd5 8. Be2
O-O 9. Ne5 Nbd7 10. Nxd7 Bxd7 11. O-O Ne4 12. Bxe7 Qxe7 13. Nxe4 fxe4 14. Bg4
Rf6 15. Bxd7 Qxd7 16. f4 exf3 17. Rxf3 Raf8 18. Rxf6 Rxf6 19. Qe2 Qf5 20. Rf1
Qxf1+ 21. Qxf1 Rxf1+ 22. Kxf1 Kf7 23. Kf2 Kf6 24. g4 g5 25. Kf3 Ke6 26. b4 a6
27. e4 dxe4+ 28. Kxe4 b6 29. a4 a5 30. bxa5 bxa5 31. Kd3 Kd5 32. Kc3 c5 33.
dxc5 Kxc5 34. Kb3 Kd4 35. Ka2 Kc5 36. Ka3 Kc4 37. Ka2 Kb4 38. Kb2 Kxa4 39. Ka2
Kb4 40. Kb2 Kc4 41. Ka3 Kd4 0-1

[Event "C.to Provinciale TO"]
[Site "Torino ITA"]
[Date "2012.02.28"]
[Round "2"]
[White "Iacomussi, Mario"]
[Black "Fassio, Francesco"]
[WhiteElo "1729"]
[BlackElo "1623"]
[Result "1/2-1/2"]
[PlyCount "81"]
[EventDate "2012.02.21"]

1. d4 d5 2. c4 c6 3. Nc3 Nf6 4. f3 Nbd7 5. Nh3 e5 6. cxd5 cxd5 7. dxe5 Nxe5 8.
Qd4 Nc6 9. Qh4 Be7 10. Bg5 h6 11. O-O-O Qa5 12. e3 d4 13. Bxf6 Bxf6 14. Qe4+
Qe5 15. Nd5 Qxe4 16. fxe4 Be5 17. exd4 Nxd4 18. Bc4 Nc6 19. Nhf4 O-O 20. Rdf1
Bd7 21. Ng6 Rfd8 22. Nde7+ Nxe7 23. Bxf7+ Kh7 24. Nxe7 Rf8 25. h3 Bf6 26. Bg6+
Kh8 27. Nd5 Bb5 28. Rf3 Be2 29. Rb3 Rac8+ 30. Kd2 Ba6 31. Nxf6 Rxf6 32. Bf5
Rd8+ 33. Ke3 Rfd6 34. Rc1 Rd2 35. g4 g5 36. Kf3 b6 37. Rc7 R2d3+ 38. Rxd3 Rxd3+
39. Kg2 Rd2+ 40. Kg3 Rd3+ 41. Kg2 1/2-1/2

[Event "C.to Provinciale TO"]
[Site "Torino ITA"]
[Date "2012.02.28"]
[Round "2"]
[White "Malano, Francesco"]
[Black "Capuzzimati, Fausto"]
[WhiteElo "1952"]
[BlackElo "1486"]
[Result "1-0"]
[PlyCount "69"]
[EventDate "2012.02.21"]

1. d4 g6 2. e4 Bg7 3. c4 d6 4. Nc3 e6 5. Be3 Ne7 6. Qd2 h5 7. h4 Nd7 8. Nf3 Nf8
9. Bd3 Nc6 10. O-O-O a6 11. Kb1 e5 12. Be2 Bg4 13. d5 Bxf3 14. Bxf3 Nd4 15.
Bxd4 exd4 16. Ne2 Nd7 17. Nxd4 Ne5 18. Be2 Qe7 19. Rde1 O-O-O 20. g3 Nd7 21.
Bf3 Bxd4 22. Qxd4 Qe5 23. Qxe5 Nxe5 24. Be2 Rhe8 25. f4 Ng4 26. Bxg4+ hxg4 27.
Rh2 Rh8 28. Kc2 Kd7 29. Kd3 Rde8 30. Rhe2 Rh5 31. e5 dxe5 32. Rxe5 Rexe5 33.
Rxe5 Rxe5 34. fxe5 Ke7 35. Ke4 1-0

[Event "C.to Provinciale TO"]
[Site "Torino ITA"]
[Date "2012.02.28"]
[Round "2"]
[White "Marvin, Elio"]
[Black "Vittoria, Giuseppe"]
[WhiteElo "1688"]
[BlackElo "1620"]
[Result "0-1"]
[PlyCount "120"]
[EventDate "2012.02.21"]

1. e4 d6 2. d4 Nf6 3. Bd3 g6 4. h3 Bg7 5. Nf3 O-O 6. O-O c5 7. c3 cxd4 8. cxd4
Nc6 9. Nc3 Bd7 10. a3 Rc8 11. Be3 a6 12. Rc1 b5 13. b4 Nh5 14. g4 Nf6 15. d5
Ne5 16. Nxe5 dxe5 17. Kg2 Ne8 18. Qd2 Nd6 19. Bc5 f6 20. Ne2 Nf7 21. Qa2 Kh8
22. f3 Ng5 23. Rh1 Nf7 24. Be3 Nd6 25. Rxc8 Qxc8 26. Rc1 Qd8 27. Qc2 f5 28. Qc7
Qe8 29. Bc5 fxg4 30. fxg4 Rf6 31. Ng1 Bh6 32. Rf1 Rxf1 33. Kxf1 Qf8+ 34. Ke2
Bc8 35. Nf3 Bf4 36. Bf2 g5 37. Qc3 Qf6 38. Nd4 Kg8 39. Nxb5 axb5 40. Bxb5 Qf8
41. Bd3 Qe8 42. Bc5 h5 43. Bxd6 exd6 44. Qc6 Qxc6 45. dxc6 hxg4 46. hxg4 Bxg4+
47. Kf2 Bc1 48. a4 Bd2 49. b5 Ba5 50. Bc4+ Kf8 51. Kg3 Bc8 52. Be2 Ke7 53. Bg4
Be6 54. Bxe6 Kxe6 55. Kg4 d5 56. exd5+ Kxd5 57. Kxg5 e4 58. Kg4 e3 59. Kf3 Kd4
60. Ke2 Bb6 0-1

[Event "C.to Provinciale TO"]
[Site "Torino ITA"]
[Date "2012.02.28"]
[Round "2"]
[White "Paoli, Mario"]
[Black "Blundo, Michele"]
[WhiteElo "1812"]
[BlackElo "1685"]
[Result "1/2-1/2"]
[PlyCount "120"]
[EventDate "2012.02.21"]

1. d4 d5 2. g3 Nf6 3. Bg2 e6 4. Nf3 Nbd7 5. Nc3 Be7 6. a3 O-O 7. Bg5 Re8 8. O-O
c5 9. Bf4 a6 10. dxc5 Bxc5 11. Ne5 b5 12. b4 Bf8 13. Qd4 Bb7 14. Bg5 Qc7 15.
Nxd7 Nxd7 16. Bd2 g6 17. Rac1 Bg7 18. Qd3 Ne5 19. Nxb5 axb5 20. Qxb5 Ba6 21.
Qc5 Qxc5 22. bxc5 Bxe2 23. Rfe1 Bc4 24. Bb4 Nc6 25. c3 e5 26. Rcd1 e4 27. Bf1
Nxb4 28. cxb4 Rxa3 29. Bxc4 dxc4 30. b5 c3 31. b6 c2 32. Rc1 Rc3 33. Re2 Rxc5
34. Rexc2 Rb5 35. Rc6 Bd4 36. Rc7 Rxb6 37. Rd1 Rd8 38. Kf1 Rb2 39. Rc4 Bf6 40.
Rxd8+ Bxd8 41. Rxe4 Bb6 42. Rf4 Kg7 43. h4 f5 44. Kg2 h6 45. h5 Kf6 46. g4 Bc7
47. Rc4 gxh5 48. Rxc7 hxg4 49. Kg3 h5 50. Rc8 Rb3+ 51. Kg2 h4 52. Rg8 h3+ 53.
Kh2 Rf3 54. Kg1 Ke5 55. Ra8 Kf4 56. Ra2 Kg5 57. Kh2 f4 58. Kg1 Kh4 59. Ra8 h2+
60. Kh1 g3 1/2-1/2

[Event "C.to Provinciale TO"]
[Site "Torino ITA"]
[Date "2012.02.28"]
[Round "2"]
[White "Quirico, Paolo"]
[Black "Fassero, Fabrizio"]
[WhiteElo "2159"]
[BlackElo "1724"]
[Result "1-0"]
[PlyCount "55"]
[EventDate "2012.02.21"]

1. d4 e6 2. Nf3 c5 3. c3 Nf6 4. Bf4 b6 5. e3 Be7 6. h3 O-O 7. Nbd2 d5 8. Ne5
Nfd7 9. Bd3 f6 10. Qh5 f5 11. Qe2 Bb7 12. g4 Nxe5 13. Bxe5 Bf6 14. Nf3 Nd7 15.
Bg3 Re8 16. gxf5 e5 17. dxe5 Nxe5 18. Nxe5 Bxe5 19. Rg1 Qf6 20. Bxe5 Rxe5 21.
Qg4 Rae8 22. O-O-O Bc8 23. Qg5 Rf8 24. Rg3 Qxg5 25. Rxg5 g6 26. Rdg1 Kh8 27.
fxg6 Rxg5 28. Rxg5 1-0

[Event "C.to Provinciale TO"]
[Site "Torino ITA"]
[Date "2012.02.28"]
[Round "2"]
[White "Ravazzolo, Gaia"]
[Black "Lizzari, Nicola"]
[WhiteElo "1707"]
[BlackElo "1844"]
[Result "1/2-1/2"]
[PlyCount "92"]
[EventDate "2012.02.21"]

1. d4 d5 2. Nf3 Nf6 3. c4 e6 4. Nc3 Be7 5. Bg5 O-O 6. e3 c6 7. cxd5 exd5 8. Qc2
Nbd7 9. Bd3 h6 10. Bh4 Ne8 11. Bxe7 Qxe7 12. O-O-O Nd6 13. g4 Qf6 14. Qe2 Re8
15. Nd2 Nf8 16. Rdg1 Ne6 17. Qf1 Ng5 18. Qg2 Nde4 19. Ncxe4 dxe4 20. Bxe4 Qe6
21. Bb1 Qd5 22. Qxd5 cxd5 23. h4 Ne4 24. Nxe4 dxe4 25. g5 h5 26. a3 Bg4 27. Re1
Rac8+ 28. Kd2 Bf3 29. Rhg1 Rc7 30. Rc1 Rec8 31. Rxc7 Rxc7 32. Rc1 Rxc1 33. Kxc1
f6 34. g6 Kf8 35. Kd2 Ke7 36. Ba2 Kd6 37. Kc3 b6 38. Bf7 Be2 39. Kb4 Ba6 40. a4
Be2 41. Bc4 Bg4 42. a5 Bd7 43. axb6 axb6 44. Bb5 Bg4 45. Ba4 Be2 46. Bb5 Bg4
1/2-1/2

[Event "C.to Provinciale TO"]
[Site "Torino ITA"]
[Date "2012.02.28"]
[Round "2"]
[White "Riccardi, Mauro"]
[Black "Manni, Stefano"]
[WhiteElo "1872"]
[BlackElo "2034"]
[Result "1/2-1/2"]
[PlyCount "79"]
[EventDate "2012.02.21"]

1. d4 d5 2. c4 dxc4 3. e4 e5 4. Nf3 exd4 5. Bxc4 Nc6 6. Qb3 Bb4+ 7. Nbd2 Qe7 8.
a3 Bc5 9. Bd5 Nf6 10. Bxc6+ bxc6 11. O-O O-O 12. e5 Nd5 13. Ne4 Bb6 14. Bg5 Qd7
15. Qc2 h6 16. Bd2 Qg4 17. Nh4 Qh5 18. Qxc6 Qxh4 19. Qxd5 Bf5 20. Ng3 Be6 21.
Qc6 Rad8 22. Qa4 Bd5 23. Nf5 Qe4 24. Ne7+ Kh8 25. Nxd5 Rxd5 26. Rae1 Qf5 27. f4
d3+ 28. Kh1 Rd4 29. Qd1 Rfd8 30. g4 Qe6 31. Qf3 Qb3 32. Bc3 d2 33. Rd1 Rd3 34.
Qe4 Bc5 35. f5 Re3 36. Qc6 Qd5+ 37. Qxd5 Rxd5 38. e6 fxe6 39. fxe6 Rxe6 40.
Rxd2 1/2-1/2

[Event "C.to Provinciale TO"]
[Site "Torino ITA"]
[Date "2012.02.28"]
[Round "2"]
[White "Tondo, Stefano"]
[Black "Zanatta, Aldo"]
[WhiteElo "1752"]
[BlackElo "1650"]
[Result "1-0"]
[PlyCount "80"]
[EventDate "2012.02.21"]

1. e4 c5 2. Nf3 d6 3. d4 cxd4 4. Qxd4 Nc6 5. Bb5 Bd7 6. Bxc6 Bxc6 7. Nc3 a6 8.
O-O Nf6 9. Bg5 e5 10. Qd3 Be7 11. Rad1 O-O 12. Nd5 Nxd5 13. exd5 Be8 14. Bxe7
Qxe7 15. Rfe1 Rc8 16. Nxe5 dxe5 17. d6 Qd7 18. Rxe5 Rc6 19. Re7 Qxd6 20. Qxd6
Rxd6 21. Rxd6 Bc6 22. f3 g6 23. Kf2 Kg7 24. c4 Rc8 25. c5 a5 26. Ke2 a4 27. Kd3
Ra8 28. Rxc6 bxc6 29. Rc7 Rb8 30. Kc3 Re8 31. Rxc6 Re2 32. Rd6 Rxg2 33. c6 Rg1
34. Kc2 Rg2+ 35. Rd2 Rg5 36. Kc1 Rg1+ 37. Kc2 Rg5 38. Rd3 Rg2+ 39. Kc3 Rg5 40.
Kc4 Ra5 1-0